CLERICAL OFFICE PRACTICE (Record no. 569973)
[ view plain ]
| 000 -LEADER | |
|---|---|
| fixed length control field | 00247nam a22000977a 4500 |
| 082 ## - DEWEY DECIMAL CLASSIFICATION NUMBER | |
| Classification number | 651.37 LOS'C |
| 100 ## - MAIN ENTRY--PERSONAL NAME | |
| Personal name | LOSO AGNEW |
| 9 (RLIN) | 60173 |
| 245 ## - TITLE STATEMENT | |
| Title | CLERICAL OFFICE PRACTICE |
| 260 ## - PUBLICATION, DISTRIBUTION, ETC. | |
| Name of publisher, distributor, etc. | SOCIETY FOR INDUSTRIAL & APPLIED MATHEMATICS |
| Date of publication, distribution, etc. | 1950 |
| 942 ## - ADDED ENTRY ELEMENTS (KOHA) | |
| Koha item type | Book |
| Withdrawn status | Lost status | Damaged status | Not for loan | Permanent Location | Current Location | Shelving location | Date acquired | Total Checkouts | Full call number | Barcode | Date last seen | Price effective from | Koha item type |
|---|---|---|---|---|---|---|---|---|---|---|---|---|---|
| College of Electrical & Mechanical Engineering (CEME) | College of Electrical & Mechanical Engineering (CEME) | General Stacks | 07/19/2017 | 651.37 LOS'C | CEME-590 | 06/28/2021 | 06/28/2021 | Book |
